000 00292nam a22001217a 4500
008 170714b xxu||||| |||| 00| 0 eng d
041 _aeng
080 _22ND
_a038
100 _a24
101 _aFJA
245 _aWEBSTER'S NEW UNIVERSAL UNABRIDGED DICTIONARY
_cKECHNIE,J.L
942 _2udc
_cBK
999 _c20945
_d20945